000 00394nam a22001457a 4500
003 OSt
005 20160727222418.0
008 160625b xxu||||| |||| 00| 0 eng d
040 _cTEST
100 _91199
_aReader's Digest
245 _aStories Games, Puzzles, Tricks and Jokes
260 _aNEW YORK
_bREADER'S DIGEST
_c1981
300 _aStories Games, Puzzles, Tricks and Jokes
942 _2ddc
_cBK
999 _c974
_d974